000 00376nam a22001577a 4500
003 MPLRDC
005 20220104125733.0
008 210129b ||||| |||| 00| 0 eng d
082 _a848.1 LX-41
100 _a鲁迅著
245 _a鲁迅三十年集补遗
_c
260 _a
_b新艺出版社
_c1970
300 _b
650 _a现代别集
942 _cBK
_o848.1 LX-41
999 _c29743
_d29733